000 00318nam a22001337a 4500
008 170222b xxu||||| |||| 00| 0 eng d
020 _a9780867152012
041 _aeng
080 _23RD
_a616.31
100 _a5
101 _aSHS
245 _aFUNDAMENTALS OF FIXED PROSTHODONTICS
_cSHILLINGBURG, H.T
942 _2udc
_cBK
999 _c6021
_d6021